| 000 | 00333nam a22001217a 4500 | ||
|---|---|---|---|
| 082 |
_a621.21 _bARB |
||
| 100 | _aArbab, Muhammad Naeem | ||
| 245 |
_aHigh Voltage Engineering Theory and Practice / _cMuhammad Naeem Arbab |
||
| 260 |
_aPeshawar : _bA.P., _c2013. |
||
| 300 |
_a649p. ; _c24 cm. |
||
| 563 | _aPBK. | ||
| 942 |
_2ddc _cBK |
||
| 999 |
_c589102 _d589102 |
||